Every NBA teams best player all-time - Statistics

General Stats
  • This quiz has been taken 95 times
  • The average score is 20 of 30
Answer Stats
Hint Answer % Correct
Celtics Larry Bird
98%
Bulls Michael Jordan
95%
Cavs LeBron James
94%
Heat LeBron James
94%
Knicks Patrick Ewing
84%
Thunder Kevin Durant
83%
Jazz Karl Malone
81%
Warriors Stephen Curry
81%
Lakers Magic Johnson
80%
Nets Julius Erving
77%
Pacers Reggie Miller
77%
76ers Allen Iverson
75%
Pistons Isiah Thomas
75%
Timberwolves Kevin Garnett
73%
Mavs Dirk Nowitzki
72%
Raptors Vince Carter
72%
Rockets Hakeem Olajuwon
67%
Suns Steve Nash
64%
Spurs Tim Duncan
64%
Hornets Larry Johnson
63%
Clippers Chris Paul
59%
Pelicans Anthony Davis
58%
Hawks Dominique Wilkins
58%
Grizzlies Marc Gasol
56%
Blazers Clyde Drexler
53%
Nuggets Alex English
44%
Kings Chris Webber
39%
Magic Shaq
31%
Wizards Elvin Hayes
27%
Bucks Kareem Abdul-Jabar
9%
No matching quizzes found
Score Distribution
Percent of People with Each Score
Percentile by Number Answered
Your Score History
You have not taken this quiz